000 01249cam a2200361 4500
001 2209411
003 OSt
005 20260429152204.0
008 740529s1973 enka b 000 0 eng
010 _a 74165651
015 _aGB74-06464
020 _a0600391256
035 _a2209411
040 _aDLC
_cFoundation University
041 1 _aeng
_acze
043 _aa-vt---
050 0 0 _aN 7321
_bH45 .1973
100 1 _aHejzlar, Josef.
_915764
245 1 4 _aThe art of Vietnam
_c[by] J. Hejzlar, with photographs by W. and B. Forman. [Translated from the Czech ms. by Till Gottheiner]
260 _aLondon,
_aNew York,
_bHamlyn,
_c1973.
264 _41973
300 _a3-263 p.
_billus. (some col.)
_c28 cm.
_3books
_fbooks
336 _atext
_btxt
_2rdacontent
_3books
337 _aunmediated
_bn
_2rdamedia
_3books
338 _avolume
_bnc
_2rdacarrier
_3books
504 _aBibliography: p. [254].
650 0 _aArt, Vietnamese.
_915765
700 1 _aForman, Werner,
_eillus.
_915766
700 1 _aForman, Bedrich,
_eillus.
_915767
906 _a7
_bcbc
_corignew
_d3
_encip
_f19
_gy-gencatlg
942 _2lcc
_cBK
_hN 7321
_i.1973 H45
_k(DAFA-FA)
999 _c5836
_d5836